00477nam a2200157 a 450000100060000000300090000600800410001502000180005604000280007408200160010210000170011824500900013526000250022565000300025065000390028024039CO-ViMGA141112s2004 ck r 000 u spa d a9789708300384 aCO-ViMGAbspacCO-ViMGA04a515.35 Z4551 aZill, Dennis10aEcuaciones, Diferenciales : bcon problemas con valoresen la frontera / cDennis Zill aMéxico : bCengage14aECUACIONES DIFERENCIALES 14aPROBLEMAS DE VALORES DE FRONTERAS